| 000 | 00672nam a22002177i 4500 | ||
|---|---|---|---|
| 003 | URS | ||
| 005 | 20220114153416.0 | ||
| 008 | 171106b xxu||||| |||| 00| 0 eng d | ||
| 040 |
_erda _cURSP-College Library _beng |
||
| 050 | _b808.066 G11 2000 | ||
| 100 | 1 | _aGabriel, Pablo C. | |
| 245 |
_aTechnical Report Writing. _cPablo C. Gabriel |
||
| 264 | 1 |
_aManila _bTechnological University of the Philippines _c2000. |
|
| 300 |
_avii, 171pages _c22cm. |
||
| 336 |
_atext _btxt _2rdacontent |
||
| 337 |
_aunmediated _bn _2rdamedia |
||
| 338 |
_avolume _bnc _2rdacarrier |
||
| 500 | _aIncludes bibliography and appendices | ||
| 650 | 0 | _atechnical report writing. | |
| 942 |
_2lcc _cF |
||
| 999 |
_c8559 _d8559 |
||